书目信息 |
| 题名: |
强力沟通术
|
|
| 作者: | 哈尔金斯, 著 ;韦荣华 译 | |
| 分册: | ||
| 出版信息: | 海口 海南出版社 2001 |
|
| 页数: | 263页 | |
| 开本: | 21cm | |
| 丛书名: | 管理人译丛 | |
| 单 册: | ||
| 中图分类: | C912.1 | |
| 科图分类: | ||
| 主题词: | 人间交往 | |
| 电子资源: | ||
| ISBN: | 7-5443-0196-6 | |
| 000 | 00985nam 2200289 450 | |
| 001 | 192004002440 | |
| 005 | 20070910094636.07 | |
| 010 | @a7-5443-0196-6@dCNY18.00 | |
| 100 | @a20070601d2001 km y0chiy0121 ea | |
| 101 | 1 | @achi@ceng |
| 102 | @aCN@b210000 | |
| 105 | @ay z 000yy | |
| 200 | 1 | @a强力沟通术@Aqiang li gou tong shu@f(美) 菲尔·哈尔金斯著@f= Phil Harkjns@g韦荣华译 |
| 210 | @a海口@c海南出版社@d2001 | |
| 215 | @a263页@d21cm | |
| 225 | 2 | @a管理人译丛@Aguan li ren yi cong |
| 306 | @a本书中文简体字版由海南出版社和美国麦格劳-希尔国际公司合作出版 | |
| 312 | @a英文并列题名取自版权页 | |
| 330 | @a学会说话,特别是学会与上司说话,这是为人处世最关键的一个技巧,也是本书所要阐述的内容。 | |
| 410 | 0 | @12001@a管理人译丛 |
| 510 | 1 | @aPowerful Conversation@zeng |
| 606 | 0 | @a人间交往 |
| 690 | @aC912.1@v4 | |
| 701 | 1 | @a哈尔金斯,@Aha er jin si@bP.@g(Harkins, Phil)@e美@4著 |
| 702 | 0 | @a韦荣华@Awei rong hua@4译 |
| 801 | 0 | @aCN@c20070910 |
| 905 | @dC912.1@eH001 | |
| 强力沟通术/(美) 菲尔·哈尔金斯著/= Phil Harkjns/韦荣华译.-海口:海南出版社,2001 |
| 263页;21cm.-(管理人译丛) |
| ISBN 7-5443-0196-6:CNY18.00 |
| 学会说话,特别是学会与上司说话,这是为人处世最关键的一个技巧,也是本书所要阐述的内容。 |
| ● |
| 相关链接 |
|
|
|
正题名:强力沟通术
索取号:C912.1/H001
 
预约/预借
| 序号 | 登录号 | 条形码 | 馆藏地/架位号 | 状态 | 备注 |
| 1 | 622098 | 206220980 | 社科库509/509社科库 56排8列1层/ [索取号:C912.1/H001] | 在馆 | |
| 2 | 622099 | 206220999 | 社科库509/509社科库 56排8列1层/ [索取号:C912.1/H001] | 在馆 | |
| 3 | 622100 | 206221006 | 社科库509/509社科库 56排8列1层/ [索取号:C912.1/H001] | 在馆 |